| 000 | 00430cam a2200169ua 4500 | ||
|---|---|---|---|
| 020 | _c2.00 | ||
| 041 |
_amal _h |
||
| 082 |
_a894.8122 _bVAR/EN |
||
| 100 | _aVarkey, Ponkunnam. | ||
| 245 |
_aEnte vazhithirivu / _cPonkunnam Varkey. _hTextual Documents |
||
| 260 |
_aKottayam : _bSahitya Pravarthaka Co-operative Society , _c1961. |
||
| 300 | _a ; . | ||
| 365 | _a2.00 | ||
| 504 | _a | ||
| 942 | _cBK | ||
| 999 |
_c6328 _d6328 |
||